000 00717nam a2200253Ia 4500
003 OSt
005 20220925182845.0
006 a|||||r|||| 00| 0
007 ta
008 220923b |||||||| |||| 00| 0 hin d
020 _a812020218X
037 _cGeneral Book
040 _aRTL
_cRTL
_bhin
041 _2hin
_ahin
082 _aV243:91.N85, M9
100 _aKaur Jitinder
_9257314
245 0 _aPunjab crisis
_bThe political perseptions of rural
260 _aDelhi
_bAjanta Publishers
_c1989
300 _a194p
_ccm.
500 _aAppendix P 139-89
650 _aHistory of Punjab
_9230383
942 _hV243:91.N85, M9
_cGB
_2CC
999 _c503292
_d503292